000 00620nam a2200229Ia 4500
003 OSt
005 20220918191946.0
006 a|||||r|||| 00| 0
007 ta
008 220917b |||||||| |||| 00| 0 eng d
024 _a66,173
037 _cTextual
040 _aARTS
_cARTS
_beng
041 _2eng
_aeng
082 _aR3xC57:19, K3
100 _aAristotle
_952557
245 0 _aCategories and De interpretatione , tr by J L Ackrill
260 _c1963
490 _aClarendon Aristotle series , ed by J L Ackrill
942 _hR3xC57:19, K3
_cTEXL
_2CC
999 _c192407
_d192407